000 00891nam a2200217 a 4500
001 12101
003 BD-JhCC
005 20240116101827.0
008 210315s2010 bg |||| |||| 000 0 ben d
020 _a9847030100147
035 _a(BD-JhCC)12101
040 _aBD-JhCC
_dBD-JhCC
041 _aben
082 _a954.9205
_bALI 2010
100 _aআলী, কে এম হেকমত
245 _aএকত্তরের মহান মুক্তিযুদ্ধ :
_b২৫ শে মার্চ কালো রাত থেকে ১৬ই ডিসেম্বর /
_cকে এম হেকমত আলী
260 _aঢাকা :
_bঐশী পাবলিকেশন্স,
_c২০১০.
300 _a৪১৫ পৃ. :
_c২১ সেমি.
650 _aমুক্তিযুদ্ধের ইতিহাস
_zবাংলাদেশ
942 _2ddc
_cBK
999 _c12101
_d12101